Disputationes in tres libros Aristotelis de anima. Juxta miram angelici Doctoris D. Thomae, et Scholae eius doctrinam. Eidem communi magistro, et Florentissimae scholae dicatae

Detalles Bibliográficos
Autor Corporativo: Colegio complutense de los hermanos descalzos de la orden de Santa María del Monte Carmelo
Formato: Libro
Lenguaje:Latin
Publicado: Lugduni 1668
Materias:
Colección:Banco de datos
Acervo:Biblioteca Armando Olivares Carrillo de la Universidad de Guanajuato. Fondo Conventos
Descripción Física:[2] h., 299 p. f°
Tema general:Filosofía
LEADER 00837nam a22001810004500
035 |a 35 
041 0 |a lat 
050 4 |a B105.U5  |b C6 
110 1 |a Colegio complutense de los hermanos descalzos de la orden de Santa María del Monte Carmelo  
245 1 0 |a Disputationes in tres libros Aristotelis de anima. Juxta miram angelici Doctoris D. Thomae, et Scholae eius doctrinam. Eidem communi magistro, et Florentissimae scholae dicatae  |c Collegii Complutensis discalceatorum fratrum ordinis B. Mariae de Monte Carmeli 
260 |a Lugduni  |b sumptibus Joannis-Antonii Huguetan, & Guillelmi Barbier  |c 1668 
300 |a [2] h., 299 p.  |c f° 
501 |a 2 obras 
650 1 0 |a Filosofía 
949 |a CO. 77-C 
942 |c GUANAJUATO 
943 |g Biblioteca Armando Olivares Carrillo de la Universidad de Guanajuato. Fondo Conventos 
999 |c 1143992  |d 1143992